|
|
|
|
| LEADER |
00000nam0a2200000 4500 |
| 001 |
33485 |
| 005 |
20231101210152.0 |
| 035 |
|
|
|a (RuTPU)RU\TPU\book\33828
|
| 090 |
|
|
|a 33485
|
| 100 |
|
|
|a 20011210d1969 km y0rusy50 ca
|
| 101 |
0 |
|
|a rus
|
| 102 |
|
|
|a RU
|
| 105 |
|
|
|a y z 000zy
|
| 200 |
1 |
|
|a Расчет трансформаторов малой мощности
|f Н. П. Ермолин
|
| 205 |
|
|
|a 2-е изд., перераб. и испр.
|
| 210 |
|
|
|a Ленинград
|c Энергия
|d 1969
|
| 215 |
|
|
|a 192 с.
|
| 606 |
1 |
|
|a Трансформаторы
|2 stltpush
|3 (RuTPU)RU\TPU\subj\61401
|9 78593
|
| 610 |
1 |
|
|a приборостроение
|
| 610 |
1 |
|
|a трансформаторы малой мощности
|
| 610 |
1 |
|
|a расчеты
|
| 675 |
|
|
|a 621.314.21
|v 4
|
| 700 |
|
1 |
|a Ермолин
|b Н. П.
|g Николай Пантелеймонович
|
| 801 |
|
0 |
|a RU
|b 63413507
|c 20011210
|g PSBO
|
| 801 |
|
2 |
|a RU
|b 63413507
|c 20210304
|g PSBO
|
| 900 |
|
|
|a Электромеханические, измерительные и исполнительные устройства
|
| 900 |
|
|
|a Элементы и устройства систем управления
|
| 942 |
|
|
|c BK
|